|
|
|
|
| LEADER |
00000nam a2200000Ia 4500 |
| 008 |
180711b1994 ||||| |||| 00| | spa d |
| 999 |
|
|
|c 2211
|d 2211
|
| 090 |
|
|
|a 18.01.00
|b 522 (Material perdido)
|
| 100 |
|
|
|a Pérez Serrano, Gloria
|9 687
|
| 245 |
1 |
0 |
|a Modelos cuantitativo versus cualitativo
|
| 260 |
|
|
|a [Lugar de publicación no identicado] :
|b [Editor no identificado],
|c 1994
|
| 300 |
|
|
|a 42 páginas
|
| 500 |
|
|
|a Nota: tomado de Investigación cualitativa retos e integrantes
|
| 650 |
1 |
4 |
|a INVESTIGACIÓN CUALITATIVA
|9 317
|
| 650 |
1 |
4 |
|a INVESTIGACIÓN CUANTITATIVA
|9 1347
|
| 650 |
1 |
4 |
|a MODELOS
|9 676
|
| 942 |
|
|
|i 00908
|h 18.01.00 522 (Material perdido)
|2 z
|c 01
|